العلاقات الاقتصادية بين مصر والعالم الخارجى : الواقع وافاق المستقبل حتى عام 2020 /
يتناول الكتاب اخطر ما يميز الاقتصاد المصرى شأنة فى ذلك شأن سائر الاقتصادات النامية اعتماده الكبير على الخارج استيرادا وبدرجة اقل تصديرا وسعيا وراء القروض والمعونات والاستثمارات الأجنبية ....
Saved in:
| 主要作者: | |
|---|---|
| 格式: | 图书 |
| 语言: | 阿拉伯语 |
| 出版: |
القاهرة :
دار الشروق،
2005.
|
| 版: | ط. 1. |
| 主题: | |
| 标签: |
添加标签
没有标签, 成为第一个标记此记录!
|
MARC
| LEADER | 00000nam a22000007a 4500 | ||
|---|---|---|---|
| 003 | INP | ||
| 005 | 20181118142257.0 | ||
| 008 | 140319s2005 ua fr 000 0 ara d | ||
| 952 | |0 0 |1 0 |4 0 |6 382_096200000000000_ع_ع |7 0 |8 arabic_Boo |9 2738 |a INP |b INP |c MAIN |d 2018-03-25 |l 0 |o 382.0962 ع ع |p 002877 |r 2022-03-28 00:00:00 |w 2018-03-25 |y BK |0 0 | ||
| 952 | |0 0 |1 0 |4 0 |6 382_096200000000000_ع_ع |7 0 |9 22990 |a INP |b INP |c MAIN |d 2024-10-21 |l 0 |o 382.0962 ع ع |p 024253 |r 2024-10-21 00:00:00 |w 2024-10-21 |y BK | ||
| 999 | |c 1511 |d 1511 | ||
| 020 | |a 3096509977 | ||
| 040 | |a EG-INP |c EG-INP |b ara | ||
| 082 | 0 | 4 | |a 382.0962 |b ع ع |2 21 |
| 100 | 1 | |a سليمان.على عبد العزيز . | |
| 245 | 1 | 2 | |a العلاقات الاقتصادية بين مصر والعالم الخارجى : |b الواقع وافاق المستقبل حتى عام 2020 / |c على عبد العزيز سليمان. |
| 250 | |a ط. 1. | ||
| 260 | |a القاهرة : |b دار الشروق، |c 2005. | ||
| 300 | |a 241ص. ؛ |c 24سم. | ||
| 520 | |a يتناول الكتاب اخطر ما يميز الاقتصاد المصرى شأنة فى ذلك شأن سائر الاقتصادات النامية اعتماده الكبير على الخارج استيرادا وبدرجة اقل تصديرا وسعيا وراء القروض والمعونات والاستثمارات الأجنبية . | ||
| 650 | 7 | |a العلاقات الاقتصادية الدولية. |2 qrmak | |
| 650 | 7 | |a التجارة الخارجية. |2 qrmak |z مصر | |
| 650 | 7 | |a تجارة مصر الداخلية |2 qrmak | |
| 650 | 7 | |a العلاقات الخارجية. |2 qrmak |z مصر | |
| 650 | 7 | |a العلاقات الاقتصادية. |2 qrmak |z مصر | |
| 901 | |a EGPV4 | ||
| 902 | |a EGPV5 | ||
| 903 | |a copycat | ||
| 942 | |c BK |2 ddc | ||